Saweetie Charting Songs (Billboard Hot 100) - Statistics

General Stats
  • This quiz has been taken 55 times
    34 since last reset
  • The average score is 3 of 5
Answer Stats
Album Weeks On Peak Artist(s) Song % Correct
Pretty Bitch Music 30 Weeks #14 Saweetie & Doja Cat Best Friend
96%
Icy 20 Weeks #21 Saweetie My Type
70%
Pretty Bitch Music 7 Weeks #89 Saweetie ft. H.E.R. Closer
65%
Pretty Bitch Music 13 Weeks #58 Saweetie ft. Jhene Aiko Back to the Streets
57%
Pretty Bitch Music 19 Weeks #20 Saweetie Tap In
57%
No matching quizzes found
Score Distribution
Percent of People with Each Score
Percentile by Number Answered
Your Score History
You have not taken this quiz since the last reset